|
|
|
|
| LEADER |
01103naa a2200277 i 4500 |
| 001 |
acta88364 |
| 005 |
20250903090649.0 |
| 008 |
250903s2025 hu o 100 hun d |
| 020 |
|
|
|a 978-963-688-064-4
|
| 040 |
|
|
|a SZTE Egyetemi Kiadványok Repozitórium
|b hun
|
| 041 |
|
|
|a hun
|
| 100 |
1 |
|
|a Karnok Máté
|
| 245 |
1 |
0 |
|a Keverékekből álló ultravékony folyadékhártyák vastagságának mérése
|h [elektronikus dokumentum] /
|c Karnok Máté
|
| 260 |
|
|
|a Szegedi Tudományegyetem
|b Szeged
|c 2025
|
| 300 |
|
|
|a 60-63
|
| 490 |
0 |
|
|a Kvantumelektronika : Szimpózium a hazai kvantumelektronikai kutatások eredményeiről
|
| 650 |
|
4 |
|a Természettudományok
|
| 650 |
|
4 |
|a Fizikai tudományok
|
| 695 |
|
|
|a Fizika - kísérleti, Fizika - alkalmazott
|
| 700 |
0 |
1 |
|a Kovács Attila Pál
|e aut
|
| 700 |
0 |
1 |
|a Tóth Noémi
|e aut
|
| 700 |
0 |
1 |
|a Gilinger Tibor
|e aut
|
| 700 |
0 |
1 |
|a Razzaq Javaria
|e aut
|
| 700 |
0 |
1 |
|a Osvay Károly
|e aut
|
| 711 |
|
|
|a Kvantumelektronika 2025 Szimpózium
|c Szeged
|d 2025. szeptember 1.
|
| 856 |
4 |
0 |
|u http://acta.bibl.u-szeged.hu/88364/1/kvantumelektronika_2025_060-063.pdf
|z Dokumentum-elérés
|